Azərbaycanda fəaliyyət göstərən banklar - Statistics

General Stats
  • This quiz has been taken 11 times
  • The average score is 6 of 20
Answer Stats
Banklar % Correct
9 Kapital Bank
100%
15 Unibank
89%
19 YeloBank
67%
11 Paşa Bank
44%
13 Rabitəbank
44%
1 AccessBank
33%
7 Bank Respublika
33%
17 Xalq Bank
33%
6 Bank of Baku
22%
12 Premium Bank
22%
18 YapıKredi Bank
22%
4 Bank Avrasiya
11%
5 Bank BTB
11%
8 Expressbank
11%
14 TuranBank
11%
16 VTB Bank
11%
20 Ziraat Bank Azərbaycan
11%
2 AFB Bank
0%
3 Azərbaycan Sənaye Bankı
0%
10 Bank Melli İran
0%
No matching quizzes found
Score Distribution
Percent of People with Each Score
Percentile by Number Answered
Your Score History
You have not taken this quiz